The Argus Pheasant

Saved in:
Bibliographic Details
Main Author: Beecham, John Charles
Other Authors: Gage, George W. (Illustrator)
Format: Electronic eBook
Language:English
Published: Project Gutenberg, 2011
Series:Project Gutenberg 37215
Online Access:http://www.gutenberg.org/etext/37215
Rights
Tags: Add Tag
No Tags, Be the first to tag this record!
Call Number :

MARC

LEADER 00000cam a22000003a 4500
001 57501
003 MY-KLNDU
005 20241219015558.0
008 210402s2011||||xxu|||||s|||||000 | eng d
035 |a (PGUSA)37215 
039 9 |y 202104021403  |z VLOAD 
040 |a PGUSA  |b eng 
042 |a dc 
100 1 |a Beecham, John Charles 
245 1 4 |a The Argus Pheasant  |h [electronic resource] /  |c by John Charles Beecham; illustrated by George W. Gage 
260 |b Project Gutenberg,  |c 2011 
500 |a Project Gutenberg 
506 |a Freely available. 
516 |a Electronic text 
599 |a Dummy Record 
700 1 |a Gage, George W.,  |e Illustrator 
830 0 |a Project Gutenberg  |v 37215 
856 4 0 |u http://www.gutenberg.org/etext/37215 
856 4 2 |u http://www.gutenberg.org/license  |3 Rights 
999 |a vtls000069264  |c 57501  |d 57501